Countries That Start and End With the Same Letter - Statistics

General Stats
  • This quiz has been taken 50 times
    28 since last reset
  • The average score is 7 of 11
Answer Stats
Answer % Correct
Albania
79%
Australia
79%
Algeria
75%
Armenia
75%
Austria
75%
Andorra
71%
Argentina
67%
Angola
63%
Antigua and Barbuda
58%
Central African Republic
17%
Czech Republic
17%
No matching quizzes found
Score Distribution
Percent of People with Each Score
Percentile by Number Answered
Your Score History
You have not taken this quiz since the last reset